书目信息 |
| 题名: |
吴昌硕书法字典
|
|
| 作者: | 吴昌硕 书 ;松清秀仙 编 | |
| 分册: | ||
| 出版信息: | 北京 中国青年出版社 1992.6 |
|
| 页数: | 635页 | |
| 开本: | 20cm | |
| 丛书名: | ||
| 单 册: | ||
| 中图分类: | J292.3-61 , J292.3 | |
| 科图分类: | ||
| 主题词: | 法贴--中国--字典 | |
| 电子资源: | ||
| ISBN: | 7-5006-1320-2 | |
| 000 | 00925nam0 2200265 45 | |
| 001 | 0193029089 | |
| 005 | 20061114084526.87 | |
| 010 | @a7-5006-1320-2@b精装@dCNY21.00 | |
| 100 | @a19930709d1992 emky0chiy0121 ea | |
| 101 | 0 | @achi |
| 102 | @aCN@b110000 | |
| 105 | @ay z 001yy | |
| 200 | 10 | @a吴昌硕书法字典@AWU CHANG SHUO SHU FA ZI DIAN@f吴昌硕书@FWU CHANG SHUO SHU@g(日)松清秀仙编 |
| 210 | @a北京@c中国青年出版社@d1992.6 | |
| 215 | @a635页@d20cm | |
| 304 | @a吴昌硕(1844~1927),初名俊、俊卿,字昌硕,浙江安吉人,近代篆刻家、书画家 | |
| 330 | @a整理清末民初吴昌硕的字,以康熙字典的字头排列顺序为准。每字按楷、行、草、隶、篆的顺序排列。 | |
| 540 | 1 | @a书法 字典@ASHU FA ZI DIAN |
| 606 | @a法贴@y中国@x字典 | |
| 690 | @aJ292.3-61@v三版 | |
| 690 | @aJ292.3@v3 | |
| 701 | 0 | @a吴昌硕@AWU CHANG SHUO@4书 |
| 702 | 0 | @a松清秀仙@ASONG QING XIU XIAN@4编 |
| 801 | 0 | @aCN@bTSSF@c20061114 |
| 905 | @a10447@dJ292.3@e126≈2 | |
| 吴昌硕书法字典/吴昌硕书/(日)松清秀仙编.-北京:中国青年出版社,1992.6 |
| 635页;20cm |
| ISBN 7-5006-1320-2(精装):CNY21.00 |
| 整理清末民初吴昌硕的字,以康熙字典的字头排列顺序为准。每字按楷、行、草、隶、篆的顺序排列。 |
| ● |
| 相关链接 |
|
|
|
|
正题名:吴昌硕书法字典
索取号:J292.3/126≈2
 
预约/预借
| 序号 | 登录号 | 条形码 | 馆藏地/架位号 | 状态 | 备注 |
| 1 | 0275190 | 000794885 | 第一样本阅览室/ [索取号:J292.3/126≈2] | 在馆 |